000 00698nam a2200193 i 4500
001 22219
003 ES-MaACL
005 20250819063029.0
007 t|
008 021129s1878 fr ||||1| fre d
100 1 _aAlfonso, Luis,
_d1845-1892
_919853
245 1 0 _aCongrès Littéraire International /
_crapport presénté par Luis Alfonso et Jules Lermina, au nom de la Troisième Commissión.
260 _aParís :
_b[s.n.],
_c1878 (
_fImp. Centrale des Chemins de Fer-Chaix)
300 _a31 p. ;
_c22 cm.
700 1 _aLermina, Jules.
_9128890
711 2 _aCongrés Littéraire International (
_d1878.
_cParís)
_9158096
852 _aES-MaACL
_jT-267-F-1
999 _c22219
_d22219